Online Catalogue and eLibrary

Dilindubawe abhiyogaya (Record no. 5062)

MARC details
000 -LEADER
fixed length control field 00375nam a2200145Ia 4500
005 - DATE AND TIME OF LATEST TRANSACTION
control field 20250623024122.0
008 - FIXED-LENGTH DATA ELEMENTS--GENERAL INFORMATION
fixed length control field 240331s9999 xx 000 0 und d
082 ## - DDC Classification
Item Number - Author Mark MIY
Class No. 330 p .,
100 ## - MAIN ENTRY--PERSONAL NAME
Personal name Miyradal,G
245 #0 - TITLE STATEMENT
Title Dilindubawe abhiyogaya
260 ## - PUBLICATION, DISTRIBUTION, ETC.
Place of publication, distribution, etc. Colombo
Name of publisher, distributor, etc. Institute of Roads
Date of publication, distribution, etc. 1975
300 ## - PHYSICAL DESCRIPTION
Extent (e.g. Volumes, Pages etc.) 283 p .,
500 ## - GENERAL NOTE
General note A book on the Challenge of Poverty
942 ## - Koha item type (Biblio)
Koha item type Books in Stacks (Lending)
Holdings
Lost status Damaged status Collection code Home library Current library Shelving location Date acquired Full call number Accession Number Item type
    Lending WERC Library WERC Library Social Science Cupboard 03/31/2024 330.9 MIY 1569 Books in Stacks (Lending)

© WERC Library